[Event "Tradewise Gibraltar ChallWk2"]
[Site "Gibraltar"]
[Date "2018.01.31"]
[Round "5.21"]
[White "Sandhya, Goli"]
[Black "Schweitzer, Werner"]
[Result "1/2-1/2"]
[WhiteElo "1934"]
[BlackElo "2060"]
[PlyCount "110"]
[EventDate "2018.01.27"]
[EventType "swiss"]
[EventRounds "5"]
[EventCountry "GGB"]

1. e4 c6 2. d4 d5 3. Nc3 dxe4 4. Nxe4 Nf6 5. Ng5 h6 6. N5f3 Nbd7 7. Bd3 Qc7 8.
Ne2 e5 9. dxe5 Nxe5 10. Nxe5 Qxe5 11. O-O Bc5 12. Re1 O-O 13. Nf4 Qc7 14. h3 b6
15. Nh5 Nxh5 16. Qxh5 f5 17. Qf3 Bd6 18. Bd2 Bd7 19. Bc3 b5 20. a3 c5 21. b3
Bc6 22. Qh5 Be8 23. Qe2 a6 24. Qe6+ Rf7 25. Bxf5 Bd7 26. Bh7+ Kf8 27. Bxg7+
Kxg7 28. Qg6+ Kh8 29. Qxf7 Rf8 30. Qg6 Bf5 31. Qxh6 Bxh7 32. Re6 Bh2+ 33. Kh1
Qf4 34. Rae1 Qxh6 35. Rxh6 Bf4 36. Rh5 Rf7 37. Rxc5 Bd6 38. Rc6 Bxa3 39. Rxa6
Bb4 40. Re2 Bc3 41. Re3 b4 42. Rc6 Bxc2 43. Rcxc3 bxc3 44. Rxc3 Rxf2 45. Kg1
Rd2 46. Kh2 Be4 47. Rg3 Rb2 48. Rg4 Bd5 49. b4 Kh7 50. h4 Bxg2 51. Rxg2 Rxb4
52. Kh3 Ra4 53. Rg5 Kh6 54. Rc5 Rb4 55. Kg3 Ra4 1/2-1/2

[Event "Tradewise Gibraltar ChallWk2"]
[Site "Gibraltar"]
[Date "2018.01.31"]
[Round "5.22"]
[White "Bryn, Askild"]
[Black "Valentine, Brian J"]
[Result "1/2-1/2"]
[WhiteElo "2057"]
[BlackElo "1920"]
[PlyCount "53"]
[EventDate "2018.01.27"]
[EventType "swiss"]
[EventRounds "5"]
[EventCountry "GGB"]

1. e4 e5 2. Nf3 Nc6 3. Bc4 Bc5 4. d3 Nf6 5. Nc3 d6 6. h3 h6 7. Be3 Bxe3 8. fxe3
Na5 9. Bb3 O-O 10. Qd2 Nxb3 11. axb3 Re8 12. Qf2 d5 13. exd5 Nxd5 14. Nxd5 Qxd5
15. e4 Qc6 16. g4 b6 17. Rh2 Qf6 18. Qe3 a5 19. Ke2 Qc6 20. Kd2 f6 21. Rg2 a4
22. Rxa4 Rxa4 23. bxa4 Qxa4 24. b3 Qa5+ 25. Ke2 Qc3 26. Qd2 Qxd2+ 27. Kxd2
1/2-1/2

[Event "Tradewise Gibraltar ChallWk2"]
[Site "Gibraltar"]
[Date "2018.01.31"]
[Round "5.23"]
[White "Gueler, Sebastian"]
[Black "Burke, Mitchell R"]
[Result "1/2-1/2"]
[WhiteElo "2120"]
[BlackElo "1989"]
[PlyCount "81"]
[EventDate "2018.01.27"]
[EventType "swiss"]
[EventRounds "5"]
[EventCountry "GGB"]

1. Nf3 Nf6 2. c4 g6 3. b3 Bg7 4. Bb2 O-O 5. g3 c6 6. Bg2 d5 7. O-O Bf5 8. d4
Qc8 9. Re1 Bh3 10. Bh1 h6 11. Nc3 Nbd7 12. Rc1 dxc4 13. bxc4 c5 14. d5 Ne8 15.
Qc2 Nd6 16. Nd2 f5 17. f4 g5 18. Nd1 Bxb2 19. Qxb2 gxf4 20. gxf4 Kh7 21. Kf2
Qe8 22. Bf3 Nf6 23. Qe5 Nd7 24. Qc3 Qf7 25. Ne3 Nf6 26. Qe5 Ng4+ 27. Nxg4 Bxg4
28. Bxg4 fxg4 29. e3 Nf5 30. e4 Nh4 31. f5 Rae8 32. Kg3 Qh5 33. Rf1 Nf3 34.
Nxf3 Qh3+ 35. Kf4 gxf3 36. Rxf3 Qxh2+ 37. Rg3 Rg8 38. Rcg1 Qd2+ 39. Kf3 Qd3+
40. Kf2 Qd2+ 41. Kf3 1/2-1/2

[Event "Tradewise Gibraltar ChallWk2"]
[Site "Gibraltar"]
[Date "2018.01.31"]
[Round "5.24"]
[White "Mulligan, Stephen"]
[Black "Rueda-Kjeldsen, Juan Carlos"]
[Result "1/2-1/2"]
[WhiteElo "2051"]
[BlackElo "1988"]
[PlyCount "106"]
[EventDate "2018.01.27"]
[EventType "swiss"]
[EventRounds "5"]
[EventCountry "GGB"]

1. d4 b6 2. Nf3 Bb7 3. Bf4 f5 4. e3 Nf6 5. Nbd2 e6 6. Be2 Nc6 7. c3 Ne7 8. h3
h6 9. Ne5 g6 10. Bf3 Bxf3 11. Qxf3 Bg7 12. Qe2 O-O 13. Bh2 d6 14. Nd3 Qd7 15.
O-O Kh7 16. e4 fxe4 17. Nxe4 Rae8 18. Rae1 Nc6 19. Nxf6+ Bxf6 20. Qg4 Qf7 21.
Qe4 Nd8 22. Bg3 Bg7 23. Bh4 Bf6 24. Bxf6 Qxf6 25. Re2 Qf5 26. Qxf5 exf5 27.
Rfe1 Rxe2 28. Rxe2 Kg7 29. f3 Kf7 30. Kf2 c6 31. h4 g5 32. Re1 Kf6 33. hxg5+
hxg5 34. Rh1 Nf7 35. Nb4 Rc8 36. Re1 a5 37. Nd3 b5 38. b3 c5 39. dxc5 dxc5 40.
c4 bxc4 41. bxc4 Nd6 42. Ne5 f4 43. g3 Rc7 44. gxf4 gxf4 45. Nd3 Nxc4 46. Nxf4
Rh7 47. Rc1 Ne5 48. Rxc5 Rh2+ 49. Kg3 Rxa2 50. Nd5+ Ke6 51. Nf4+ Kf6 52. Nd5+
Ke6 53. Nf4+ Kf6 1/2-1/2

[Event "Tradewise Gibraltar ChallWk2"]
[Site "Gibraltar"]
[Date "2018.01.31"]
[Round "5.25"]
[White "Diaz Mino, Pablo"]
[Black "Hendrix, Joachim"]
[Result "1-0"]
[WhiteElo "2050"]
[BlackElo "1960"]
[PlyCount "55"]
[EventDate "2018.01.27"]
[EventType "swiss"]
[EventRounds "5"]
[EventCountry "GGB"]

1. d4 g6 2. c4 Bg7 3. Nc3 d6 4. e4 e5 5. d5 a5 6. Nge2 Na6 7. Ng3 Bd7 8. Bd3
Nf6 9. O-O c6 10. f3 h5 11. Be3 Bh6 12. Bxh6 Rxh6 13. dxc6 bxc6 14. Qd2 Qb6+
15. Kh1 Rh8 16. Be2 h4 17. Qxd6 hxg3 18. Qxe5+ Be6 19. Qxg3 Qxb2 20. f4 Nc5 21.
Qe3 Qa3 22. Qd4 Ke7 23. Rf3 Nb3 24. Nd5+ cxd5 25. Rxb3 Qa4 26. Rb7+ Nd7 27.
exd5 Rab8 28. d6+ 1-0

[Event "Tradewise Gibraltar ChallWk2"]
[Site "Gibraltar"]
[Date "2018.01.31"]
[Round "5.26"]
[White "Maric, Boris"]
[Black "Chibnall, Alana"]
[Result "0-1"]
[WhiteElo "2034"]
[BlackElo "1906"]
[PlyCount "114"]
[EventDate "2018.01.27"]
[EventType "swiss"]
[EventRounds "5"]
[EventCountry "GGB"]

1. c4 Nf6 2. g3 g6 3. Bg2 Bg7 4. Nc3 O-O 5. e4 d6 6. Nge2 Nc6 7. d3 e5 8. O-O
Nh5 9. Be3 f5 10. exf5 gxf5 11. f4 Nf6 12. h3 Qe8 13. Nd5 Nxd5 14. cxd5 exf4
15. Bxf4 Ne5 16. Rc1 Qb5 17. d4 Nf7 18. Rxc7 Re8 19. Bf3 Qxb2 20. Bh5 Rxe2 21.
Qxe2 Qxe2 22. Bxe2 Bxd4+ 23. Kg2 Bb6 24. Rc2 Bd7 25. Bd3 Re8 26. Re2 Rxe2+ 27.
Bxe2 Ne5 28. Bc1 Bc5 29. Bb2 Kf7 30. Bh5+ Kf6 31. h4 Bb5 32. Rf4 Bd3 33. g4 Be3
34. Rb4 Be4+ 35. Rxe4 fxe4 36. Kf1 Ke7 37. Bxe5 dxe5 38. Ke2 Bf4 39. Kf2 Kd6
40. Bf7 e3+ 41. Ke2 h6 42. Be6 e4 43. Bf7 Kc5 44. Be6 b5 45. a3 a5 46. Bf7 Kd6
47. Be8 b4 48. axb4 axb4 49. Ba4 Kxd5 50. Bb3+ Kd4 51. Bc2 Kc3 52. Bxe4 b3 53.
Bf5 Kb2 54. Bd3 Kc1 55. Kf3 Kd2 56. g5 Kxd3 57. Kxf4 e2 0-1

[Event "Tradewise Gibraltar ChallWk2"]
[Site "Gibraltar"]
[Date "2018.01.31"]
[Round "5.27"]
[White "Adebajo, Olufemi"]
[Black "Ungureanu, Sandu"]
[Result "1-0"]
[WhiteElo "1922"]
[BlackElo "2033"]
[PlyCount "94"]
[EventDate "2018.01.27"]
[EventType "swiss"]
[EventRounds "5"]
[EventCountry "GGB"]

1. e4 c6 2. d4 d5 3. exd5 cxd5 4. Bd3 Nc6 5. c3 Nf6 6. Bf4 a6 7. Nf3 Bg4 8.
Nbd2 e6 9. Qb3 Bxf3 10. Nxf3 Qd7 11. O-O Na5 12. Qc2 Nc6 13. Rfe1 Bd6 14. Bxd6
Qxd6 15. Ne5 O-O 16. Re3 g6 17. f4 Nh5 18. g3 f5 19. Rae1 Rae8 20. Qe2 Nxe5 21.
Rxe5 Kf7 22. Bc2 Nf6 23. Qg2 h5 24. h3 Re7 25. Qe2 b5 26. a3 Rb8 27. Bd3 Rbb7
28. Kg2 Re8 29. Re3 Rb6 30. Ra1 h4 31. Re5 hxg3 32. Kxg3 Rh8 33. Qg2 Qf8 34.
Rg1 Qh6 35. Kf3 Qxh3+ 36. Qxh3 Rxh3+ 37. Rg3 Rxg3+ 38. Kxg3 Ne4+ 39. Bxe4 fxe4
40. Rg5 a5 41. Kf2 b4 42. axb4 axb4 43. c4 dxc4 44. Rc5 c3 45. b3 Ke7 46. Ke3
Kd6 47. Kxe4 Rc6 1-0

[Event "Tradewise Gibraltar ChallWk2"]
[Site "Gibraltar"]
[Date "2018.01.31"]
[Round "5.28"]
[White "Hamer, Martyn"]
[Black "Panday, Sohrab"]
[Result "1-0"]
[WhiteElo "2020"]
[BlackElo "1938"]
[PlyCount "65"]
[EventDate "2018.01.27"]
[EventType "swiss"]
[EventRounds "5"]
[EventCountry "GGB"]

1. d4 Nf6 2. c4 d6 3. Nf3 c6 4. Nc3 Bg4 5. e4 Nbd7 6. Be2 e5 7. Be3 Be7 8. O-O
O-O 9. a3 Bh5 10. b4 a6 11. Nd2 Bxe2 12. Qxe2 exd4 13. Bxd4 Ne5 14. Rfd1 Nfd7
15. Be3 f5 16. exf5 Rxf5 17. Nde4 Qf8 18. f4 Ng6 19. g3 Nf6 20. Nxf6+ Bxf6 21.
Rac1 Re8 22. Qd3 Bd8 23. Bf2 Bc7 24. Ne4 Nxf4 25. gxf4 Rxf4 26. Re1 Rexe4 27.
Rxe4 Rxf2 28. Rce1 Rf3 29. Qc2 Qf6 30. Re8+ Kf7 31. R1e7+ Qxe7 32. Rxe7+ Kxe7
33. Qe4+ 1-0

[Event "Tradewise Gibraltar ChallWk2"]
[Site "Gibraltar"]
[Date "2018.01.31"]
[Round "5.29"]
[White "Muskat, Gunter"]
[Black "Livesey, R Nigel"]
[Result "1-0"]
[WhiteElo "2013"]
[BlackElo "1750"]
[PlyCount "115"]
[EventDate "2018.01.27"]
[EventType "swiss"]
[EventRounds "5"]
[EventCountry "GGB"]

1. c4 e5 2. g3 Nc6 3. Bg2 g6 4. Nc3 Bg7 5. d3 d6 6. Rb1 Be6 7. b4 Qd7 8. b5 Nd8
9. e3 Ne7 10. h4 h6 11. Nge2 O-O 12. Ba3 Rb8 13. Qa4 Ra8 14. Qc2 f5 15. f4 e4
16. Nd4 exd3 17. Qxd3 Bf7 18. O-O Rb8 19. Rfd1 Re8 20. Nf3 Qe6 21. c5 dxc5 22.
Bxc5 b6 23. Bd4 c5 24. Bxg7 Kxg7 25. Ne5 g5 26. Qd7 Ng6 27. Qxa7 Rc8 28. Bd5
Qf6 29. hxg5 hxg5 30. Bxf7 Nxf7 31. Qxf7+ Qxf7 32. Nxf7 Kxf7 33. Rd7+ Kf8 34.
Kf2 gxf4 35. gxf4 Ra8 36. Rd6 Ra3 37. Rb3 Rxb3 38. axb3 Ne7 39. Rxb6 Ra8 40.
Ra6 Rb8 41. Ke2 Ke8 42. Kd3 Rc8 43. Kc4 Rd8 44. b6 Kd7 45. Ra7+ Kd6 46. Nb5+
Ke6 47. Kxc5 Rd5+ 48. Kc4 Rd8 49. Nc7+ Kd6 50. Kb5 Nc8 51. Ra4 Ke7 52. Rd4 Rf8
53. b7 Nd6+ 54. Kc6 Nf7 55. Rd7+ Kf6 56. Na6 Nd8+ 57. Rxd8 Rxd8 58. b8=Q 1-0

[Event "Tradewise Gibraltar ChallWk2"]
[Site "Gibraltar"]
[Date "2018.01.31"]
[Round "5.30"]
[White "Mayank, Pal"]
[Black "Broekman, Willem"]
[Result "1/2-1/2"]
[WhiteElo "1834"]
[BlackElo "2006"]
[PlyCount "90"]
[EventDate "2018.01.27"]
[EventType "swiss"]
[EventRounds "5"]
[EventCountry "GGB"]

1. Nf3 e6 2. g3 d5 3. c4 c6 4. Bg2 Nf6 5. b3 Bd6 6. Bb2 Nbd7 7. O-O O-O 8. d3
Re8 9. Nbd2 e5 10. cxd5 cxd5 11. Rc1 Nb6 12. e4 d4 13. Nc4 Nxc4 14. bxc4 Qa5
15. Qc2 Bd7 16. Nd2 Rac8 17. Nb3 Qa4 18. h3 b5 19. c5 Be6 20. Nxd4 Qxc2 21.
Nxc2 Rxc5 22. d4 exd4 23. Bxd4 Rc4 24. e5 Rec8 25. exd6 Rxc2 26. Rxc2 Rxc2 27.
Bxf6 gxf6 28. Rd1 Bd7 29. Bd5 Kg7 30. Re1 Rd2 31. Re7 Rxd5 32. Rxd7 f5 33. Rxa7
Rxd6 34. Ra5 Rd1+ 35. Kg2 Rb1 36. Kf3 Rb2 37. a4 Rb3+ 38. Kg2 bxa4 39. Rxa4 Kg6
40. Ra6+ f6 41. Ra8 Rc3 42. Rg8+ Kf7 43. Ra8 Kg6 44. Ra5 h5 45. Ra8 Rb3 1/2-1/2

[Event "Tradewise Gibraltar ChallWk2"]
[Site "Gibraltar"]
[Date "2018.01.31"]
[Round "5.31"]
[White "Weeramantry, Sunil"]
[Black "Hubbard, Michael"]
[Result "1-0"]
[WhiteElo "2029"]
[BlackElo "1913"]
[PlyCount "81"]
[EventDate "2018.01.27"]
[EventType "swiss"]
[EventRounds "5"]
[EventCountry "GGB"]

1. e4 c5 2. Nc3 g6 3. f4 Bg7 4. Nf3 Nc6 5. Bc4 a6 6. a4 d6 7. d3 e6 8. O-O Nge7
9. Qe1 Nd4 10. Nxd4 cxd4 11. Ne2 d5 12. exd5 Nxd5 13. f5 O-O 14. fxg6 hxg6 15.
Qg3 e5 16. Bg5 Qd6 17. Bxd5 Qxd5 18. Bf6 Qe6 19. Qg5 Bd7 20. Ng3 Bxf6 21. Rxf6
Qg4 22. Qxe5 Rae8 23. Qf4 Rc8 24. Qf2 Qg5 25. Rd6 Be6 26. Rxd4 f5 27. Re1 Rc6
28. c3 Qf6 29. Rb4 Rf7 30. Rb6 f4 31. Rxc6 bxc6 32. Ne4 Qd8 33. Qc5 f3 34. gxf3
Rxf3 35. Ng5 Rf5 36. Nxe6 Qh4 37. Qe3 g5 38. Nd4 Rf7 39. Qe8+ Kg7 40. Nf5+ Rxf5
41. Re7+ 1-0

[Event "Tradewise Gibraltar ChallWk2"]
[Site "Gibraltar"]
[Date "2018.01.31"]
[Round "5.32"]
[White "Suez-Panama, Gilles"]
[Black "Khoo-Thwe, Louis"]
[Result "1/2-1/2"]
[WhiteElo "1959"]
[BlackElo "1724"]
[PlyCount "111"]
[EventDate "2018.01.27"]
[EventType "swiss"]
[EventRounds "5"]
[EventCountry "GGB"]

1. d4 Nf6 2. Nf3 e6 3. c4 b6 4. a3 Bb7 5. Nc3 d5 6. cxd5 exd5 7. g3 Be7 8. Bg2
O-O 9. O-O Re8 10. Bf4 c5 11. Nb5 Na6 12. Ne5 cxd4 13. Nxd4 Bc5 14. b4 Bxd4 15.
Qxd4 Qe7 16. Bf3 Nc7 17. Qb2 Ne6 18. Nd3 Nxf4 19. Nxf4 Rad8 20. Qd4 Ne4 21. h4
Qe5 22. Rfd1 h6 23. Qxe5 Rxe5 24. e3 g5 25. hxg5 hxg5 26. Nh5 Rc8 27. Rac1 Nc3
28. Re1 Ba6 29. Kg2 Ne4 30. Rxc8+ Bxc8 31. Rc1 Be6 32. g4 f5 33. Bxe4 fxe4 34.
Rc7 Kf8 35. Nf6 a5 36. bxa5 bxa5 37. Ra7 a4 38. Kg3 Bc8 39. Rc7 Be6 40. Ra7 Bc8
41. Kh3 d4 42. exd4 e3 43. fxe3 Rxe3+ 44. Kg2 Rxa3 45. Nh7+ Ke8 46. Nxg5 Bxg4
47. d5 Ra1 48. Kg3 Bd7 49. Kf4 Rf1+ 50. Ke5 Rf5+ 51. Kd6 Rxg5 52. Ra8+ Kf7 53.
Ra7 Ke8 54. Ra8+ Kf7 55. Ra7 Ke8 56. Ra8+ 1/2-1/2

[Event "Tradewise Gibraltar ChallWk2"]
[Site "Gibraltar"]
[Date "2018.01.31"]
[Round "5.33"]
[White "Gostelow, David W"]
[Black "Williamson, Kevin J"]
[Result "1/2-1/2"]
[WhiteElo "1945"]
[BlackElo "1905"]
[PlyCount "29"]
[EventDate "2018.01.27"]
[EventType "swiss"]
[EventRounds "5"]
[EventCountry "GGB"]

1. d4 d5 2. Bf4 Bg4 3. c3 e6 4. Qb3 Qc8 5. Nf3 Bxf3 6. exf3 Nf6 7. Nd2 Nbd7 8.
Bd3 Be7 9. O-O O-O 10. Rfe1 Nh5 11. Be5 Nxe5 12. dxe5 Nf4 13. Bf1 c5 14. c4 Rd8
15. g3 1/2-1/2

[Event "Tradewise Gibraltar ChallWk2"]
[Site "Gibraltar"]
[Date "2018.01.31"]
[Round "5.34"]
[White "O'Neil, Jim"]
[Black "Odeh, Kenneth"]
[Result "0-1"]
[WhiteElo "1904"]
[BlackElo "1922"]
[PlyCount "52"]
[EventDate "2018.01.27"]
[EventType "swiss"]
[EventRounds "5"]
[EventCountry "GGB"]

1. d4 d5 2. e4 dxe4 3. Nc3 Nf6 4. f3 exf3 5. Qxf3 c6 6. Bc4 Qxd4 7. Bb3 Bg4 8.
Qg3 Nbd7 9. Be3 Qe5 10. Qf2 e6 11. h3 Bc5 12. Kd2 Bxe3+ 13. Qxe3 Qxe3+ 14. Kxe3
Bh5 15. Kf2 Nc5 16. g4 Bg6 17. Re1 Nxb3 18. cxb3 O-O-O 19. Nf3 Nd5 20. h4 Nb4
21. Re3 h5 22. Kg3 hxg4 23. Ne5 Bh5 24. Ne4 f5 25. Ng5 f4+ 26. Kxf4 Nd5+ 0-1

[Event "Tradewise Gibraltar ChallWk2"]
[Site "Gibraltar"]
[Date "2018.01.31"]
[Round "5.35"]
[White "Ansari, Athar"]
[Black "De Vega Fernandez, Francisco J"]
[Result "1/2-1/2"]
[WhiteElo "1919"]
[BlackElo "1784"]
[PlyCount "34"]
[EventDate "2018.01.27"]
[EventType "swiss"]
[EventRounds "5"]
[EventCountry "GGB"]

1. e4 c5 2. c3 g6 3. f4 Bg7 4. Bc4 e6 5. d3 Ne7 6. Be3 d5 7. Bb3 d4 8. Bf2 Nbc6
9. Nf3 O-O 10. O-O b6 11. c4 e5 12. Bg3 exf4 13. Bxf4 Bg4 14. Qe1 Bxf3 15. Rxf3
Ne5 16. Rh3 N7c6 17. Ba4 f5 1/2-1/2